Galatians: (Record no. 16541)

000 -LEADER
fixed length control field 00508nam a2200169 a 4500
001 - CONTROL NUMBER
control field :::00019513$&:&@@
003 - CONTROL NUMBER IDENTIFIER
control field OkBaRHE
005 - DATE AND TIME OF LATEST TRANSACTION
control field 20010425145344.0
008 - FIXED-LENGTH DATA ELEMENTS--GENERAL INFORMATION
fixed length control field s1979 j 000 0 eng u
040 ## - CATALOGING SOURCE
Transcribing agency
100 1# - MAIN ENTRY--PERSONAL NAME
Personal name Tenney, Merrill C.
245 10 - TITLE STATEMENT
Title Galatians:
Remainder of title the charter of Christian liberty.
260 ## - PUBLICATION, DISTRIBUTION, ETC. (IMPRINT)
Place of publication, distribution, etc Grand Rapids, Michigan
Name of publisher, distributor, etc Eerdmans
Date of publication, distribution, etc 1979
300 ## - PHYSICAL DESCRIPTION
Extent 216 p.
942 ## - ADDED ENTRY ELEMENTS (KOHA)
Source of classification or shelving scheme
Koha item type Books
Copies
Price effective from Permanent Location Current Location Lost status Date acquired Koha item type Barcode Damaged status Withdrawn status Date last seen Copy number Shelving location Not for loan Source of classification or shelving scheme Full call number
2010-04-14RHEMA Bible Training College  2010-04-14Books19513  2018-04-031General Stacks  BS 2685 .T4
2017-02-28RHEMA Bible Training CollegeRHEMA Bible Training College 2017-02-28Books22571  2018-04-032General Stacks  BS 2685 .T4